| Tag |
First Indicator |
Second Indicator |
Subfields |
| LEADER |
00000cam a2200000La 4500 |
| 001 |
in00001621920 |
| 005 |
20220105104333.0 |
| 006 |
m u |
| 007 |
cr cn- |
| 008 |
010330s2000 enka sb 001 0 eng d |
| 020 |
|
|
|a 0585361800 (electronic bk.) :
|c $22.41
|
| 020 |
|
|
|z 187236294X
|
| 035 |
|
|
|a (OCoLC)ocm47009622
|
| 035 |
|
|
|a 39821
|b (N$T)
|
| 040 |
|
|
|a N$T
|c N$T
|d UtOrBLW
|
| 049 |
|
|
|a IKMN
|
| 050 |
1 |
4 |
|a RC377
|b .R63 2000eb
|
| 100 |
1 |
|
|a Robinson, Ian,
|d 1943-
|0 http://id.loc.gov/authorities/names/n88066727
|
| 245 |
1 |
0 |
|a Multiple sclerosis at your fingertips :
|b the medically accurate manual which tells you about MS and how to deal with it /
|c Ian Robinson, Stuart Neilson, Frank Clifford Rose.
|
| 264 |
|
1 |
|a London :
|b Class Publishing,
|c [2000]
|
| 264 |
|
4 |
|c ©2000
|
| 300 |
|
|
|a ix, 253 pages :
|b illustrations ;
|c 21 cm.
|
| 336 |
|
|
|a text
|b txt
|2 rdacontent
|
| 337 |
|
|
|a computer
|b c
|2 rdamedia
|
| 338 |
|
|
|a online resource
|b cr
|2 rdacarrier
|
| 504 |
|
|
|a Includes bibliographical references and index.
|
| 533 |
|
|
|a Electronic reproduction.
|b Boulder, Colo. :
|c NetLibrary,
|d 2001.
|n Available via World Wide Web.
|n Access may be limited to NetLibrary affiliated libraries.
|
| 500 |
|
|
|a Electronic resource.
|
| 650 |
|
0 |
|a Multiple sclerosis
|v Popular works.
|0 http://id.loc.gov/authorities/subjects/sh2010102638
|
| 650 |
|
0 |
|a Multiple sclerosis.
|0 http://id.loc.gov/authorities/subjects/sh85088374
|
| 655 |
|
7 |
|a Electronic books.
|2 local
|
| 700 |
1 |
|
|a Neilson, Stuart.
|0 http://id.loc.gov/authorities/names/nr00018780
|
| 700 |
1 |
|
|a Rose, F. Clifford
|q (Frank Clifford)
|0 http://id.loc.gov/authorities/names/n79060516
|
| 710 |
2 |
|
|a NetLibrary, Inc.
|0 http://id.loc.gov/authorities/names/no99080690
|
| 856 |
4 |
1 |
|u https://proxy.library.tamu.edu/login?url=http://www.netLibrary.com/urlapi.asp?action=summary&v=1&bookid=39821
|z Connect to the full text of this electronic book
|t 0
|
| 994 |
|
|
|a 92
|b IKM
|
| 999 |
|
|
|a MARS
|
| 999 |
f |
f |
|s 5fab929b-8c57-3ff4-b7ff-68f35963074c
|i 63032c21-10ef-3986-92c8-c42ee2d69a15
|t 0
|
| 952 |
f |
f |
|a Texas A&M University
|b College Station
|c Electronic Resources
|d Available Online
|t 0
|e RC377 .R63 2000eb
|h Library of Congress classification
|
| 998 |
f |
f |
|a RC377 .R63 2000eb
|t 0
|l Available Online
|